Sports Quiz

Random Sports or Basketball Quiz

Multiple NBA Thrid teams Quiz Stats

 Plays Quiz not verified by Sporcle

Challenge
Share
Tweet
Embed
Score 0/36 Timer 07:00
0 Plays Today
# of times Player % Correct
4Shaquille O'Neal
80%
3Dwyane Wade
76%
2Kobe Bryant
76%
2Jermaine O'Neal
76%
3Paul Pierce
72%
2Kevin Garnett
72%
2Gary Payton
72%
2Scottie Pippen
72%
4Carmelo Anthony
68%
4David Robinson
68%
3Reggie Miller
68%
3John Stockton
68%
3Dirk Nowitzki
64%
2Pau Gasol
64%
2Tracy McGrady
64%
2Steve Nash
60%
3Hakeem Olajuwon
56%
2Joe Dumars
56%
# of times Player % Correct
2Stephon Marbury
56%
2Dikembe Mutombo
56%
2Mitch Richmond
56%
2Dennis Rodman
56%
2Chauncey Billups
52%
2Ben Wallace
52%
2Dominique Wilkins
52%
2Manu Ginobili
48%
3Yao Ming
44%
3Mark Price
44%
2Dwight Howard
44%
2Gilbert Arenas
40%
2Clyde Drexler
40%
2Shawn Marion
40%
2James Worthy
40%
2Paul George
32%
2Derrick Coleman
28%
2LaMarcus Aldridge
24%

You're not logged in!

Compare scores with friends on all Sporcle quizzes.
Join for Free
OR
Log In

You Might Also Like...

Show Comments

Extras

Top Quizzes Today


Score Distribution

Your Account Isn't Verified!

In order to create a playlist on Sporcle, you need to verify the email address you used during registration. Go to your Sporcle Settings to finish the process.

Report this User

Report this user for behavior that violates our Community Guidelines.

Details: